Fundamentals of thermodynamics

Αποθηκεύτηκε σε:
Λεπτομέρειες βιβλιογραφικής εγγραφής
Μορφή: Βιβλίο
Γλώσσα:English
Δημοσίευση: New York : Wiley, 1998
Έκδοση:5th ed.
Θέματα:
Ετικέτες: Προσθήκη ετικέτας
Δεν υπάρχουν, Καταχωρήστε ετικέτα πρώτοι!

MARC

LEADER 00000cam a2200000 i 4500
001 1/56828
008 011211s1998 eng d
020 |a 0-471-18361-X 
035 |l 10000056 
040 |a GR-MY-UA  |b gre  |e aacr 
041 0 |a eng 
082 0 |a 536.7 
245 1 0 |a Fundamentals of thermodynamics /  |c Richard E. Sonntag, Claus Borgnakke, Gordon J. Van Wylen 
250 |a 5th ed. 
260 |a New York :   |b Wiley,   |c 1998 
300 |a xiv, 783p.;  |c 26cm.+  |e 1 computer disk (3 1/2 in.) 
504 |a Includes index 
650 0 0 |a Thermodynamics. 
852 |a INST  |b CHIOS  |e 20011212  |h 536.7 SON  |p 005200020470  |q 005200020470  |t BK  |y 0 
852 |a INST  |b CHIOS  |e 20011212  |h 536.7 SON  |p 005200020471  |q 005200020471  |t BK  |y 0 
852 |a INST  |b CHIOS  |e 20011211  |h 536.7 SON  |p 005200020472  |q 005200020472  |t BK  |y 0 
852 |a INST  |b CHIOS  |e 20011212  |h 536.7 SON  |p 005200020473  |q 005200020473  |t BK  |y 0 
852 |a INST  |b CHIOS  |e 20011212  |h 536.7 SON   |p 005200020463  |q 005200020463  |t BK  |y 0 
852 |a INST  |b CHIOS  |e 20011212  |h 536.7 SON   |p 005200020464  |q 005200020464  |t BK  |y 0 
852 |a INST  |b CHIOS  |e 20011212  |h 536.7 SON   |p 005200020465  |q 005200020465  |t BK  |y 0 
852 |a INST  |b CHIOS  |e 20011212  |h 536.7 SON   |p 005200020466  |q 005200020466  |t BK  |y 0 
901 |a BIBL2-2001-3 
909 |a Χ  |b 098556 
909 |a Χ  |b 098709 
909 |a Χ  |b 098710 
909 |a Χ  |b 098711 
909 |a Χ  |b 098712 
909 |a Χ  |b 098555 
909 |a Χ  |b 098554 
909 |a Χ  |b 098553 
970 |a ΠΟΥΛΑΚΗ  |b ΣΤΕΛΛΑ  |z 2001/12/12